| Tag |
First Indicator |
Second Indicator |
Subfields |
| LEADER |
00000cgm a22000003a 4500 |
| 001 |
in00003747708 |
| 006 |
m||||||||c|||||||| |
| 007 |
cr |n|---||a|a |
| 007 |
vz |zazu| |
| 008 |
130417s2009 nyu059 g |o v|eng d |
| 005 |
20260324202733.1 |
| 035 |
|
|
|a (OCoLC)840841009
|
| 035 |
|
|
|a ASP1654996/flon
|
| 040 |
|
|
|a VaAlASP
|c VaAlASP
|d UtOrBLW
|
| 043 |
|
|
|a a-ir---
|
| 050 |
|
4 |
|a HQ1735.2
|b M957 2009
|
| 245 |
0 |
0 |
|a My Iranian paradise /
|c Sfinx Film/TV and the Danish Film Institute present ; manuscript and direction, Katia Forbert Petersen and Annette Mari Olsen ; producers, Annette Mari Olsen ... [and others].
|
| 264 |
|
1 |
|a New York, NY :
|b Filmakers Library,
|c 2009.
|
| 300 |
|
|
|a 1 online resource (59 min.).
|
| 336 |
|
|
|a two-dimensional moving image
|b tdi
|2 rdacontent
|
| 337 |
|
|
|a computer
|b c
|2 rdamedia
|
| 337 |
|
|
|a video
|b v
|2 rdamedia
|
| 338 |
|
|
|a online resource
|b cr
|2 rdacarrier
|
| 338 |
|
|
|a other
|b vz
|2 rdacarrier
|
| 520 |
|
|
|a Essay on Iran's relationship to the Western world. One of the directors, Katia Forbert Petersen, was raised in Iran. Her father was a Danish engineer and her mother a Polish survivor from Stalin's Gulag camps. In the film, the life of this family is reflected in the history of Iran from the 30s onward, until oil began to tear the world apart and the Islamic Revolution erupted. Through the eyes of ordinary people we experience how any given person's fate can change from one day to the next, when politics and leaderships change. Through an understanding of its past, contemporary Iran is uncovered.
|
| 530 |
|
|
|a Previously released as DVD.
|
| 546 |
|
|
|a This edition in English.
|
| 500 |
|
|
|a Electronic resource.
|
| 650 |
|
0 |
|a Documentary films
|z Iran.
|
| 650 |
|
0 |
|a Women
|z Iran
|x Social conditions.
|0 http://id.loc.gov/authorities/subjects/sh2008113704
|
| 651 |
|
0 |
|a Iran
|x Foreign relations.
|0 http://id.loc.gov/authorities/subjects/sh85067893
|
| 651 |
|
0 |
|a Iran
|x History
|y 20th century.
|0 http://id.loc.gov/authorities/subjects/sh85067903
|
| 651 |
|
0 |
|a Iran
|x Politics and government
|y 1979-1997.
|0 http://id.loc.gov/authorities/subjects/sh85067913
|
| 651 |
|
0 |
|a Iran
|x Politics and government
|y 1997-
|0 http://id.loc.gov/authorities/subjects/sh98004950
|
| 655 |
|
7 |
|a Internet videos.
|2 lcgft
|0 http://id.loc.gov/authorities/genreForms/gf2011026337
|
| 655 |
|
7 |
|a Nonfiction films.
|2 lcgft
|0 http://id.loc.gov/authorities/genreForms/gf2011026423
|
| 700 |
1 |
|
|a McKey, Vivienne.
|
| 700 |
1 |
|
|a Olsen, Annette Mari,
|e director,
|e producer.
|0 http://id.loc.gov/authorities/names/no2009061092
|
| 700 |
1 |
|
|a Petersen, Katia Forbert,
|e director.
|0 http://id.loc.gov/authorities/names/no2008097473
|
| 710 |
2 |
|
|a Danske filminstitut.
|0 http://id.loc.gov/authorities/names/n81072028
|
| 710 |
2 |
|
|a Filmakers Library, inc.
|0 http://id.loc.gov/authorities/names/n50029346
|
| 710 |
2 |
|
|a SFINX Film/TV.
|0 http://id.loc.gov/authorities/names/no2008097475
|
| 856 |
4 |
0 |
|u http://proxy.library.tamu.edu/login?url=https://www.aspresolver.com/aspresolver.asp?FLON;1654996
|z Connect to this streaming video (Alexander Street Press)
|t 0
|
| 999 |
f |
f |
|s 74ba4294-b7c1-30f4-a486-fb19a45b5b0f
|i 5efa93a0-8f2b-3670-8f64-57adbc893c56
|t 0
|
| 952 |
f |
f |
|a Texas A&M University
|b College Station
|c Electronic Resources
|s www_evans
|d Available Online
|t 0
|e HQ1735.2 M957 2009
|h Library of Congress classification
|
| 998 |
f |
f |
|a HQ1735.2 M957 2009
|t 0
|l Available Online
|